| 000 | 007020000a22001210004500 | ||
|---|---|---|---|
| 100 | 1 | _aNiringiyi, Zac. | |
| 245 | 1 | 0 | _aIn the garden of eden-I: creation and community. |
| 300 | _aVol.5, no.1 (2010), p. 18-31 | ||
| 520 | _aEl tema del cambio de clima es un problema crÃtico y cuestionable, es un asunto de vida y muerte para muchos en nuestro mundo hoy. Millones y millones en el mundo, no solo en Uganda, enfrentan el hambre y la muerte como resultado de los impredecibles patrones climáticos que han resultado del abuso de la naturaleza y el medio ambiente, las principales causas del cambio de clima. | ||
| 650 | 1 | 4 | _aCONTROL AMBIENTAL |
| 773 | 0 | _tJournal of latin American theology | |
| 942 | _cANA | ||
| 999 |
_c63267 _d63267 |
||